| 000 -ლიდერი |
| ფიქსირებული სიგრძის საკონტროლო ველი |
01210nam a22002417a 4500 |
| 003 - საკონტროლო ნომრის იდენტიფიკატორი |
| საკონტროლო ველი |
Ge_BSU |
| 005 - ბოლო ოპერაციის თარიღი და დრო |
| საკონტროლო ველი |
20220525133149.0 |
| 008 - ფიქსირებული სიგრძის მონაცემთა ელემენტები - ზოგადი ინფორმაცია |
| ფიქსირებული სიგრძის საკონტროლო ველი |
220525s2013 ge ||||| |||| 00| 0 geo d |
| 041 ## - ენის კოდი |
| Language code of text/sound track or separate title |
geo |
| 080 ## - უნივერსალური ათობითი კლასიფიკაციის ინდექსი |
| Universal Decimal Classification number |
341.241+331.106+346.3+339.542 ბ-25 |
| 100 ## - მთავარი ჩანაწერი - პიროვნების სახელი |
| Personal name |
ბარკალაია, ლამარა |
| 9 (RLIN) |
13849 |
| 245 ## - ცნობა სათაურის შესახებ |
| Title |
ხელშეკრულებათა კრებული : |
| Remainder of title |
(საჩუქრად წიგნის CD ვერსია) / |
| Statement of responsibility, etc |
ლამარა ბარკალაია, თეიმურაზ ბენიძე, ნანა გულუა. |
| 250 ## - გამოცემის ცნობა |
| Edition statement |
მეორე გადამუშავებული გამოცემა |
| 264 ## - წარმოების, გამოცემის, დისტრიბუციის და სხვა ცნობები |
| გამოცემის, წარმოების, დისტრიბუციის... ადგილი |
თბილისი, |
| გამოცემის, წარმოების, დისტრიბუციის... თარიღი |
2013. |
| 300 ## - ფიზიკური აღწერა |
| Extent |
175 გვ.; |
| Other physical details |
29 სმ. |
| 501 ## - შენიშვნა თანმხლებ მასალაზე |
| With note |
თან ახლავს 1 ცალი CD დისკი |
| 504 ## - BIBLIOGRAPHY, ETC. NOTE |
| Bibliography, etc |
ბიბლიოგრ. გვ.172 |
| 653 ## - INDEX TERM--UNCONTROLLED |
| Uncontrolled term |
სამართალი |
| 653 ## - INDEX TERM--UNCONTROLLED |
| Uncontrolled term |
ხელშეკრულებათა ნიმუშები |
| 700 ## - ADDED ENTRY--PERSONAL NAME |
| Personal name |
ბენიძე, თეიმურაზ |
| Relator term |
ავტორი |
| 9 (RLIN) |
13850 |
| 700 ## - ADDED ENTRY--PERSONAL NAME |
| Personal name |
გულუა, ნანა |
| Relator term |
ავტორი |
| 9 (RLIN) |
13851 |
| 942 ## - ADDED ENTRY ELEMENTS (KOHA) |
| Source of classification or shelving scheme |
|
| Koha item type |
წიგნი |